LEADER 01718nam 2200553 a 450 001 9910456609703321 005 20200520144314.0 010 $a1-60086-192-X 010 $a1-62198-101-0 010 $a1-60086-064-8 035 $a(CKB)2430000000037509 035 $a(SSID)ssj0000481503 035 $a(PQKBManifestationID)12231500 035 $a(PQKBTitleCode)TC0000481503 035 $a(PQKBWorkID)10483755 035 $a(PQKB)11777085 035 $a(MiAaPQ)EBC3111454 035 $a(Au-PeEL)EBL3111454 035 $a(CaPaEBR)ebr10516423 035 $a(OCoLC)922978740 035 $a(EXLCZ)992430000000037509 100 $a20070425d2007 uy 0 101 0 $aeng 135 $aurcn||||||||| 181 $ctxt 182 $cc 183 $acr 200 10$aHighly flexible structures$b[electronic resource] $emodeling, computation, and experimentation /$fP. Frank Pai 210 $aReston, Va. $cAmerican Institute of Aeronautics and Astronautics$dc2007 215 $axvii, 742 p. $cill 225 1 $aAIAA education series 300 $aBibliographic Level Mode of Issuance: Monograph 311 $a1-56347-917-6 320 $aIncludes bibliographical references and index. 410 0$aAIAA education series. 606 $aFlexible structures 606 $aStructural analysis (Engineering) 608 $aElectronic books. 615 0$aFlexible structures. 615 0$aStructural analysis (Engineering) 676 $a624.1/7 700 $aPai$b P. Frank$g(Perngjin Frank)$0893549 801 0$bMiAaPQ 801 1$bMiAaPQ 801 2$bMiAaPQ 906 $aBOOK 912 $a9910456609703321 996 $aHighly flexible structures$92009930 997 $aUNINA LEADER 01499nam0 22002891i 450 001 UON00171253 005 20231205103055.502 010 $a88-88980-09-1 100 $a20030724d2003 |0itac50 ba 101 $aita 102 $aIT 105 $a|||| ||||| 200 1 $aˆGli "‰indicatori geografici" della Basilicata nord-occidentale nei territori delle comunit… montane del marmo e del melandro$fMaria Teresa Greco 205 $aNapoli : Universit… degli Studi di Napoli "L'Orientale"$b2003 210 $a184 p.$a24 cm 215 $aIn testa al front.: Universit… degli Studi di Napoli "L'Orientale" 316 $aL'Orientale - Sezione Linguistica$5IT-UONSI PER A0495 N.S.QUAD. 06/2003 410 1$1001UON00117881$12001 $aQuaderni di AION$eNuova serie$fcollana di studi diretta da Domenico Silvestri$v6 620 $aIT$dNapoli$3UONL000012 700 1$aGRECO$bMaria Teresa$3UONV060803$0440988 712 $aR. Istituto Orientale in Napoli$3UONV265274$4650 801 $aIT$bSOL$c20260313$gRICA 899 $aSIBA - SISTEMA BIBLIOTECARIO DI ATENEO E ARCHIVIO STORICO$2UONSI 912 $aUON00171253 950 $aSIBA - SISTEMA BIBLIOTECARIO DI ATENEO E ARCHIVIO STORICO$dSI PER A 0495 N.S. QUAD. 06 2003 $eSI MC 27020 7 2003 L'Orientale - Sezione Linguistica 996 $aIndicatori geografici" della Basilicata nord-occidentale nei territori delle comunit… montane del marmo e del melandro$91281178 997 $aUNIOR